Biohouse journal of computer science. (Record no. 1824)

MARC details
000 -LEADER
fixed length control field 01776cas a2200469 i 4500
001 - CONTROL NUMBER
control field data
006 - FIXED-LENGTH DATA ELEMENTS--ADDITIONAL MATERIAL CHARACTERISTICS
fixed length control field data
007 - PHYSICAL DESCRIPTION FIXED FIELD--GENERAL INFORMATION
fixed length control field data
008 - FIXED-LENGTH DATA ELEMENTS--GENERAL INFORMATION
fixed length control field data
005 - DATE AND TIME OF LATEST TRANSACTION
control field 20260322212120.0
010 ## - LIBRARY OF CONGRESS CONTROL NUMBER
LC control number 2015200398
022 0# - INTERNATIONAL STANDARD SERIAL NUMBER
International Standard Serial Number 2379-1500
Source 1
035 ## - SYSTEM CONTROL NUMBER
System control number (OCoLC)908865030
037 ## - SOURCE OF ACQUISITION
Source of stock number/acquisition 42783 Macauley Place, Ashburn, VA 20148
040 ## - CATALOGING SOURCE
Original cataloging agency DLC
Description conventions rda
Transcribing agency DLC
Language of cataloging eng
Modifying agency OCLCL
-- OCLCO
-- OCLCF
-- OCLCO
-- BWN
-- OCLCL
042 ## - AUTHENTICATION CODE
Authentication code nsdp
-- nsdp
050 00 - LIBRARY OF CONGRESS CALL NUMBER
Classification number QA75.5
082 10 - DEWEY DECIMAL CLASSIFICATION NUMBER
Classification number 004
Edition information 23
Real World Object URI https://id.oclc.org/worldcat/ddc/E3crFxr84MQkDt9mHBYTvbkPCB
210 0# - ABBREVIATED TITLE
Abbreviated title Biohouse j. comput. sci.
222 #0 - KEY TITLE
Key title Biohouse journal of computer science
245 00 - TITLE STATEMENT
Title Biohouse journal of computer science.
246 1# - VARYING FORM OF TITLE
Title proper/short title BJCS
264 #1 - PRODUCTION, PUBLICATION, DISTRIBUTION, MANUFACTURE, AND COPYRIGHT NOTICE
Place of production, publication, distribution, manufacture Ashburn, VA :
Name of producer, publisher, distributor, manufacturer Biohouse Publishing Group Inc.,
Date of production, publication, distribution, manufacture, or copyright notice 2015-
310 ## - CURRENT PUBLICATION FREQUENCY
Current publication frequency Bimonthly
336 ## - CONTENT TYPE
Content type term text
Content type code txt
Source rdacontent
337 ## - MEDIA TYPE
Media type term computer
Media type code c
Source rdamedia
338 ## - CARRIER TYPE
Carrier type term online resource
Carrier type code cr
Source rdacarrier
362 1# - DATES OF PUBLICATION AND/OR SEQUENTIAL DESIGNATION
Dates of publication and/or sequential designation Began with: Volume 1, issue 1 (May/June 2015).
588 ## - SOURCE OF DESCRIPTION NOTE
Source of description note Description based on: Volume 1, issue 1 (May/June 2015); title from caption (biohouse.us website, viewed Feb. 2, 2016).
588 ## - SOURCE OF DESCRIPTION NOTE
Source of description note Latest issue consulted: Volume 2, issue 1 (Jan./Feb. 2016) (viewed Feb. 2, 2016).
650 #0 - SUBJECT ADDED ENTRY--TOPICAL TERM
Topical term or geographic name entry element Computer science
Form subdivision Periodicals.
650 #7 - SUBJECT ADDED ENTRY--TOPICAL TERM
Topical term or geographic name entry element Computer science.
Source of heading or term fast
Authority record control number or standard number (OCoLC)fst00872451
653 ## - INDEX TERM--UNCONTROLLED
Uncontrolled term Computer Science
655 #7 - INDEX TERM--GENRE/FORM
Genre/form data or focus term Periodicals.
Source of term fast
Authority record control number or standard number (OCoLC)fst01411641
710 2# - ADDED ENTRY--CORPORATE NAME
Corporate name or jurisdiction name as entry element Biohouse Publishing Group Inc.
859 40 - LOCAL CONTROL INFORMATION (RLIN)
-- http://biohouse.us/computers.aspx
906 ## - LOCAL DATA ELEMENT F, LDF (RLIN)
a 7
b cbc
c serorig
d 2
e ncip
f 20
g n-oclcserc
925 0# -
-- Acquire
-- policy default, kg 2015-07-31
955 ## - COPY-LEVEL INFORMATION (RLIN)
-- xf02 2015-05-13
-- xf14 2016-02-02
963 ## -
-- [email protected]
Holdings
Withdrawn status Lost status Damaged status Not for loan Home library Current library Shelving location Date acquired Total checkouts Full call number Barcode Date last seen Price effective from Koha item type
        Franklin Franklin General stacks 22/03/2026   004 LOC-FRL-00060 22/03/2026 22/03/2026 Books